[Event "SVK-ch U08"]
[Site "Dudince"]
[Date "2023.04.23"]
[Round "9"]
[White "Belovic, Samuel"]
[Black "Kalinak, Martin"]
[Result "1-0"]
[WhiteElo "1000"]
[BlackElo "1000"]
[PlyCount "65"]
[EventDate "2023.04.16"]
[EventType "swiss"]
[EventRounds "9"]
[EventCountry "SVK"]
[SourceTitle "CBM 213 Extra"]
[Source "ChessBase"]
[SourceDate "2023.05.31"]
[SourceVersion "1"]
[SourceVersionDate "2023.05.31"]
[SourceQuality "1"]

1. e4 d5 2. exd5 Nf6 3. d4 Nxd5 4. Bc4 Be6 5. Nf3 Nc6 6. 0-0 Qd6 7. Bxd5 Bxd5 8. Nc3 Bxf3 9. Qxf3 Nxd4 10. Qxb7 Rd8 11. Qe4 g6 12. Be3 Bg7 13. Rad1 e5 14. Bxd4 Qxd4 15. Rxd4 Rxd4 16. Qa8+ Rd8 17. Qxa7 0-0 18. Rd1 Rxd1+ 19. Nxd1 Rd8 20. Ne3 Rd2 21. Qxc7 Re2 22. g3 f5 23. Nd5 h5 24. Nf6+ Bxf6 25. Qc4+ Kh7 26. Qxe2 Kh6 27. h3 Bh4 28. gxh4 g5 29. hxg5+ Kg6 30. Qxe5 f4 31. Qxf4 h4 32. Qxh4 Kf5 33. a4 1-0

[Event "SVK-ch U08"]
[Site "Dudince"]
[Date "2023.04.18"]
[Round "4"]
[White "Kurnavka, Juraj"]
[Black "Belovic, Samuel"]
[Result "0-1"]
[WhiteElo "1000"]
[BlackElo "1000"]
[PlyCount "82"]
[EventDate "2023.04.16"]
[EventType "swiss"]
[EventRounds "9"]
[EventCountry "SVK"]
[SourceTitle "CBM 213 Extra"]
[Source "ChessBase"]
[SourceDate "2023.05.31"]
[SourceVersion "1"]
[SourceVersionDate "2023.05.31"]
[SourceQuality "1"]

1. e4 e5 2. Nf3 Nc6 3. Bb5 Nge7 4. 0-0 a6 5. Bxc6 Nxc6 6. Nc3 Bc5 7. b3 0-0 8. Qe2 d6 9. d3 Bg4 10. Bg5 Qxg5 11. Nxg5 Bxe2 12. Nxe2 Nd4 13. Nxd4 Bxd4 14. Rae1 f6 15. Ne6 Rfc8 16. Nxd4 exd4 17. f4 b5 18. Rf3 c5 19. Ref1 a5 20. Rg3 a4 21. Rff3 axb3 22. cxb3 Rxa2 23. Rg4 Rb2 24. Rfg3 Rc7 25. Rxg7+ Rxg7 26. Rxg7+ Kxg7 27. g4 Rxb3 28. g5 Rxd3 29. gxf6+ Kxf6 30. e5+ dxe5 31. fxe5+ Kxe5 32. Kf2 b4 33. Ke2 c4 34. h4 b3 35. h5 b2 36. h6 b1Q 37. Kf2 Qb2+ 38. Ke1 Qd2+ 39. Kf1 Rf3+ 40. Kg1 Qf2+ 41. Kh1 Rh3# 0-1